=LDR 00000nam 2200000 4500 =001 INLIS000000000049355 =005 20170213081627.0 =006 =007 =008 =020 ##$$a 978-979-3703-60-2 =035 ##$$0010-021700000000147 =040 ##$$a NBPDMAT =082 ##$$a 912.959 854 =090 ##$$aR.912.959 854 $bAch a =100 ##$$a Achmad Chaldun =245 ##$$a Atlas tematik provinsi Maluku Utara $b: Administrasi, Sosial Budaya, Transportasi dan Perdagangan - Sumber daya Alam $c/ Achmad Chaldun; Achmad Rusdi =250 ##$$a Cet. 1 =260 ##$$a Surabaya $b Karya Pembina Swajaya $c 2007 =300 ##$$a 60 hlm. : $b ilus. ; $c 31 cm =500 ##$$a Indeks hlm : 58 - 59 =650 ##$$a Atlas - Maluku Utara =700 ##$$a Achmad Rusdi =850 ##$$a NBPDMAT =990 ##$$a 21606059 =990 ##$$a 21606060 =990 ##$$a 21606061 =990 ##$$a 21606062